| 000 | 004620000a22001690004500 | ||
|---|---|---|---|
| 003 | MACL | ||
| 005 | 20160101121719.0 | ||
| 008 | 160101b xxu||||| |||| 00| 0 eng d | ||
| 040 |
_aMACL _cMACL |
||
| 041 | _aEnglish | ||
| 082 | _a331.1/YEA | ||
| 100 |
_aGovernment Of India _926218 |
||
| 245 |
_aFive year plan Progress Report _bGovernment Of India |
||
| 260 |
_bGovernment Of India _c1964 _aDelhi |
||
| 650 |
_aEconomics _926219 |
||
| 942 |
_cBK _k331.1/Gov _2ddc |
||
| 999 |
_c35337 _d35337 |
||